00671 2200229 4500001002100000005001700021008004100038035002400079082001300103090002300116100003100139245007700170250001100247260004600258300002400304500002600328650003600354850001500390980001500405985000600420999001500426YOGYA-0209000004151020090227025758.0 ind  0010-020900000041510 a344.0465 a344.0465bBad KlT aBADAN TENAGA ATOM NASIONAL aKetentuan keselamatan kerja terhadap radiasicBadan Tenaga Aton Nasional aCet. 1 aJakartabBadan Tenaga Atom Nasionalc1979 a97 hlmbilusc21 cm aBibliografi : hlm. 96 aKeselamatan kerja - Aspek hukum aYOPDYOG(B) a06-26-2007 a1 a07A0022988